Kraje z kolorem czarnym na fladze - Statystyki

Ogólne statystyki
  • Ten quiz został rozwiązany 29 razy
  • Średni wynik to 13 z 46
Statystyki odpowiedzi
kontynent kraj % Poprawnych
Europa Niemcy
96%
Europa Belgia
88%
Europa Albania
54%
Afryka RPA
54%
Afryka Egipt
50%
Europa Estonia
46%
Afryka Libia
46%
Azja Irak
42%
Azja Zjednoczone Emiraty Arabskie
42%
Ameryka północna Dominika
38%
Afryka Angola
33%
Ameryka północna Jamajka
33%
Afryka Kenia
33%
Afryka Zambia
33%
Afryka Zimbabwe
33%
Azja Afganistan
29%
Ameryka północna Antigua i Barbuda
29%
Ameryka północna Bahamy
29%
Ameryka północna Barbados
29%
Azja Jemen
29%
Ameryka Południowa Paragwaj
29%
Afryka Sudan
29%
Afryka Sudan Południowy
29%
Oceania Papua-Nowa Gwinea
25%
Azja Syria
25%
Afryka Tanzania
25%
Ameryka Południowa Trynidad i Tobago
25%
Ameryka Południowa Gujana
21%
Afryka Gwinea Bissau
21%
Azja Jordania
21%
Azja Korea południowa
21%
Azja Kuwejt
21%
Afryka Mozambik
21%
Azja Timor Wschodni
21%
Afryka Uganda
21%
Ocenia Vanuatu
21%
Azja Bhutan
17%
Afryka Lesotho
17%
Ameryka północna Saint Kitts i Nevis
17%
Afryka Botswana
13%
Europa Liechtenstein
13%
Ameryka północna Saint Lucia
13%
Azja Brunei
8%
Afryka Gahna
4%
Afryka Malwi
0%
Afryka Wyspy Św, Tomasza i Książęca
0%
Nie znaleziono quizów pasujących do podanych kryteriów
Rozkład punktacji
Procent ludzi z każdym wynikiem
Percentyl według liczby udzielonych odpowiedzi
Twoja historia wyników
Nie rozwiązałeś tego quizu